Loading...
Science - Chemistry | 0 | 8 | 2 | 1 | 70 | 47 | 85.63 | 1 | 6 |
History - European History | 0 | 6 | 2 | 0 | 50 | 78 | 100.67 | 2 | 3 |
Science - Other Science | 0 | 3 | 0 | 1 | 30 | 93 | 106.67 | 0 | 1 |
Mythology | 0 | 3 | 1 | 2 | 25 | 122 | 138.67 | 0 | 0 |
History - Other History | 0 | 3 | 1 | 0 | 25 | 29 | 53.33 | 3 | 3 |
Religion | 0 | 3 | 1 | 1 | 25 | 106 | 113.67 | 0 | 1 |
History - World History | 0 | 3 | 2 | 0 | 20 | 69 | 80.33 | 0 | 2 |
Social Science | 0 | 2 | 0 | 2 | 20 | 115 | 115.00 | 0 | 0 |
Science - Biology | 0 | 2 | 0 | 0 | 20 | 104 | 106.00 | 0 | 0 |
History - American History | 0 | 3 | 2 | 1 | 20 | 48 | 90.67 | 1 | 1 |
Geography/Current Events | 0 | 2 | 0 | 0 | 20 | 93 | 100.50 | 0 | 0 |
Fine Arts - Visual Fine Arts | 0 | 2 | 1 | 0 | 15 | 122 | 128.00 | 0 | 1 |
Fine Arts - Classical Music | 0 | 1 | 0 | 0 | 10 | 37 | 37.00 | 1 | 1 |
Fine Arts - Other Fine Arts | 0 | 1 | 0 | 0 | 10 | 134 | 134.00 | 0 | 0 |
Literature - World/Other Literature | 0 | 1 | 0 | 0 | 10 | 75 | 75.00 | 1 | 1 |
Science - Physics | 0 | 2 | 2 | 0 | 10 | 47 | 72.00 | 1 | 1 |
Literature - American Literature | 0 | 0 | 1 | 0 | -5 | 0.00 | 0 | 0 | |
Literature - European Literature | 0 | 0 | 1 | 0 | -5 | 0.00 | 0 | 0 |